| 000 | 00557nam a22001932 4500 | ||
|---|---|---|---|
| 001 | 0000002045 | ||
| 005 | 20170406113927.0 | ||
| 008 | 140213s xx 000 0 eng d | ||
| 020 | _c$ | ||
| 040 |
_aYour Holding Symbol _cYour Holding Symbol |
||
| 100 | 1 | _aMoyo,Sam. | |
| 245 | 1 | 0 |
_aZimbabwe's environmental dilema : _bbalancing resources inequaities. |
| 250 | _a ed. | ||
| 260 |
_aMount pleasant : _bNat print, _c1991. |
||
| 300 |
_a165 p. ; _c cm. |
||
| 504 | _aindex. | ||
| 650 | 0 | _azimbabweans environmental. | |
| 908 | _a140213 | ||
| 999 |
_c1953 _d1953 |
||